000 00428nam a2200169 a 4500
001 0000-8600
003 ELIB.Books
008 110520 1946
035 _a(ELIB.Books)0000-8746
082 _a252
_bPle
100 _aPleune, Peter H.
245 _aThe Where abouts of God
260 _bNew York: Abingdon Cokesbury Press
_c1946
650 _aPreaching
942 _2ddc
_cBK
998 _cbat
_e2011-05-20
999 _c8600
_d8600